Principles of electromechanical-energy conversion (Record no. 23169)

000 -LEADER
fixed length control field 00596nam a22002051 4500
001 - CONTROL NUMBER
control field 23169
003 - CONTROL NUMBER IDENTIFIER
control field BD-DhUET
008 - FIXED-LENGTH DATA ELEMENTS--GENERAL INFORMATION
fixed length control field 730301s1966 xx 000 0 eng
040 ## - CATALOGING SOURCE
Original cataloging agency DLC
Transcribing agency DLC
Modifying agency BD-DhUET
082 ## - DEWEY DECIMAL CLASSIFICATION NUMBER
Classification number 623.13
Item number MEI/1966
100 ## - MAIN ENTRY--PERSONAL NAME
Personal name Meisel, Jerome
245 10 - TITLE STATEMENT
Title Principles of electromechanical-energy conversion
250 ## - EDITION STATEMENT
Edition statement 1st ed.
260 ## - PUBLICATION, DISTRIBUTION, ETC. (IMPRINT)
Place of publication, distribution, etc. New York
Name of publisher, distributor, etc. McGraw-Hill
Date of publication, distribution, etc. 1966
300 ## - PHYSICAL DESCRIPTION
Extent xvii, 639p.
Other physical details ill.
490 ## - SERIES STATEMENT
Series statement McGraw-Hill electrical and electronic engineering series
504 ## - BIBLIOGRAPHY, ETC. NOTE
Bibliography, etc Includes bibliographies
650 #0 - SUBJECT ADDED ENTRY--TOPICAL TERM
Topical term or geographic name as entry element Mechinery: Electrical engineering
942 ## - ADDED ENTRY ELEMENTS (KOHA)
Koha item type General Book
Holdings
Koha normalized classification for sorting Copy number Koha full call number Piece designation (barcode) Source of classification or shelving scheme Not for loan Price effective from Damaged status Withdrawn status Lost status Shelving location Location (home branch) Date acquired Koha date last seen Koha item type Sublocation or collection (holding branch)
623_130000000000000_MEI_19681623.13/MEI/196811878  2015-05-03   Circulation sectionCentral Library, BUET2015-05-032015-05-03General BookCentral Library, BUET
623_130000000000000_MEI_19662623.13/MEI/196611877  2015-05-03   Circulation sectionCentral Library, BUET2015-05-032015-05-03General BookCentral Library, BUET
623_130000000000000_MEI_19663623.13/MEI/196611875  2015-05-03   Circulation sectionCentral Library, BUET2015-05-032015-05-03General BookCentral Library, BUET
623_130000000000000_MEI_19664623.13/MEI/196611438  2015-05-03   Circulation sectionCentral Library, BUET2015-05-032015-05-03General BookCentral Library, BUET
623_130000000000000_MEI_19665623.13/MEI/196611876  2015-05-03   Circulation sectionCentral Library, BUET2015-05-032015-05-03General BookCentral Library, BUET
623_130000000000000_MEI_19666623.13/MEI/196611437  2015-05-03   Circulation sectionCentral Library, BUET2015-05-032015-05-03General BookCentral Library, BUET
623_130000000000000_MEI_19667623.13/MEI/196611879  2015-05-03   Circulation sectionCentral Library, BUET2015-05-032015-05-03General BookCentral Library, BUET
623_130000000000000_MEI_19668623.13/MEI/196684929  2015-05-03   Circulation sectionCentral Library, BUET2015-05-032015-05-03General BookCentral Library, BUET
623_130000000000000_MEI_19669623.13/MEI/196615539  2015-05-07   Circulation sectionCentral Library, BUET2015-05-072015-05-07General BookCentral Library, BUET
623_130000000000000_MEI_196610623.13/MEI/196639251  2015-07-12   Circulation sectionCentral Library, BUET2015-07-122015-07-12General BookCentral Library, BUET